| 000 | 00000nam 2200000za 4500 |
| 001 | 9.598430 |
| 003 | CaOODSP |
| 005 | 20241104121438 |
| 007 | cr ||||||||||| |
| 008 | 150406s2010 oncbdo o f000 0 fre d |
| 020 | |a9781100939711 |
| 040 | |aCaOODSP|bfre |
| 043 | |an-cn--- |
| 086 | 1 |aCW69-14/96-2010F-PDF |
| 110 | 2 |aService canadien de la faune. |
| 245 | 10|aÉvaluation et rapport de situation du COSEPAC sur la Bartramie à feuilles dressées, Bartramia stricta, au Canada |h[ressource électronique]. |
| 250 | |a[En voie de disparition 2009 édition]. |
| 260 | |aOttawa - Ontario : |bEnvironnement Canada, |c2009. |
| 300 | |a40 p.|bfigures, cartes, tableaux, photographies |
| 500 | |aPubl. aussi en anglais sous le titre : COSEWIC assessment and status report on the Rigid apple moss, Bartramia stricta, in Canada. |
| 504 | |aBibliographie. |
| 590 | |a11-07|b2011-02-18 |
| 775 | 08|tCOSEWIC assessment and status report on the Rigid apple moss, Bartramia stricta, in Canada |w(CaOODSP)9.567063 |
| 794 | |tÉvaluation et rapport de situation du COSEPAC sur la bartramie à feuilles dressées, Bartramia aprica, au Canada.|b[Menacée 2023 édition].|w(CaOODSP)9.938349 |
| 856 | 40|qPDF|s1355 Ko|uhttps://publications.gc.ca/collections/collection_2011/ec/CW69-14-96-2010-fra.pdf |